000 00232nam a2200097Ia 4500
001 692048
005 20250826161847.0
008 250824s9999 xx 000 0 und d
245 0 _aPARADOKYA
_cCEM GÜLBENT
260 _bTİMAŞ YAYINLARI
999 _c692048
_d692048